| 000 | 01027nam a2200289 i 4500 | ||
|---|---|---|---|
| 003 | CO-BoRNBP | ||
| 005 | 20250116095654.0 | ||
| 007 | ta | ||
| 008 | 250116s2021 Uy a|||| |||| 00| 0 spa d | ||
| 020 | _a9789915651279 | ||
| 040 |
_aCO-BoRNBP _bspa _cCO-BoRNBP _erda |
||
| 041 | _aspa | ||
| 084 | _aC GRI1 | ||
| 100 | 1 |
_aHermanos Grim _eautor _957536 |
|
| 245 | 1 | 0 |
_aHabía una vez _bClásicos de los hermanos Grimm/ _cCreación y realización, Equipo editorial Brijbasi; traducción y adaptación al español, Equipo editorial Latinbooks |
| 250 | _aPrimera edición | ||
| 264 | 4 |
_aMontivideo, Uruguay, _b©Latinbooks International S.A. _c2021 |
|
| 300 |
_a197 páginas, _bilustraciones a color, _calto 29 cm ancho 22 cm |
||
| 336 |
_2rdacontent _atexto _btxt |
||
| 337 |
_2rdamedia _asin mediación _bn |
||
| 338 |
_2rdacarrier _avolumen _bnc |
||
| 490 | _aHabía una vez | ||
| 650 |
_2LEMB _aLiteratura infantil _92746 |
||
| 650 |
_2LEMB _aCuentos infantiles |
||
| 650 |
_2LEMB _aCuentos Clásicos |
||
| 942 |
_2ddc _cBKINF |
||
| 999 |
_c56755 _d56755 |
||